Enakmen Perhutanan Negara (Pemakaian) 1985 : (Enakmen no. 12 tahun 1985)

Bibliographic Details
Corporate Author: NEGERI Johor
Format: Book
Published: Johor Bahru : (Dewan Negeri) , 1987
Series:Undang-undang Malaysia Akta 313
Subjects:

MARC

LEADER 00000cam a2200000 7i4500
001 0000001704
005 20011031.0
090 0 0 |a R354.595119   |b NEG 1987 
110 1 0 |a NEGERI Johor 
245 0 0 |a Enakmen Perhutanan Negara (Pemakaian) 1985 :   |b (Enakmen no. 12 tahun 1985) 
260 0 0 |a Johor Bahru :   |b (Dewan Negeri) ,   |c 1987 
300 |a Various pagings ;   |c 25 cm. 
440 0 0 |a Undang-undang Malaysia Akta 313 
650 0 0 |a Forestry law and legislation   |z Malaysia   |z Johore 
651 0 0 |a Johore   |x Forest policy 
745 0 0 |a Akta Perhutanan Negara 1984 (Akta 313) 
998 |a JPSM 
999 |a 0000002581   |b Monograph   |c Reference   |e Default branch